| 000 | 00442nmm a22001697a 4500 | ||
|---|---|---|---|
| 005 | 20180803165522.0 | ||
| 008 | 131206b2011 ||||| |||| 00| 0 eng d | ||
| 041 |
_aeng _aspa _afre |
||
| 090 |
_aLB _b05838C |
||
| 110 |
_aUNEP _99766 |
||
| 245 | _aBiosafety clearing-house | ||
| 260 |
_as.l. _bUNEP _c2011 |
||
| 300 |
_aPortal, _c13 cm |
||
| 490 |
_aConvention biological diversity _v2011-12 |
||
| 505 | _aIncluye contenido | ||
| 942 |
_2z _cCD-ROM |
||
| 999 |
_c8023 _d8023 |
||